Stability and change in Japanese industrial relations

Tallennettuna:
Bibliografiset tiedot
Päätekijä: Karsh, Bernard
Aineistotyyppi: Kirja
Kieli:Undetermined
Julkaistu: Tokyo Keio University 1966
Aiheet:
Tagit: Lisää tagi
Ei tageja, Lisää ensimmäinen tagi!
Thư viện lưu trữ: Trung tâm Học liệu Trường Đại học Cần Thơ
LEADER 00489nam a2200181Ia 4500
001 CTU_85973
008 210402s9999 xx 000 0 und d
082 |a 331 
082 |b K18 
100 |a Karsh, Bernard 
245 0 |a Stability and change in Japanese industrial relations 
245 0 |c Bernard Karsh 
260 |a Tokyo 
260 |b Keio University 
260 |c 1966 
650 |a Industrial relations 
904 |i Năm 
980 |a Trung tâm Học liệu Trường Đại học Cần Thơ